Music Quiz

Random Music or Song Quiz

Beatles Songs by George and Ringo Quiz Stats

 Plays Quiz Updated Jun 21, 2019

Score 0/39 Timer 06:00
0 Plays Today
Sung by Song title % Correct
Sung by Ringo StarrYellow Submarine
75.4%
Sung by Ringo StarrOctopus's Garden
69.4%
Sung by George Harrison While My Guitar Gently Weeps
64.6%
Sung by George Harrison Something
62.2%
Sung by Ringo StarrWith A Little Help From My Friends
59.3%
Sung by George HarrisonHere Comes The Sun
59%
Sung by George Harrison Taxman
48.2%
Sung by George Harrison Within You Without You
45%
Sung by George HarrisonBlue Jay Way
40.8%
Sung by Ringo StarrAct Naturally
38.8%
Sung by Ringo StarrDon't Pass Me By
36.1%
Sung by Ringo StarrBoys
35.5%
Sung by George HarrisonI Me Mine
35%
Sung by George Harrison Piggies
33.9%
Sung by Ringo StarrGood Night
31.4%
Sung by George HarrisonDo You Want To Know A Secret
28%
Sung by George Harrison Savoy Truffle
27.6%
Sung by George Harrison Love You To
26.2%
Sung by George HarrisonFor You Blue
26.2%
Sung by George HarrisonI Need You
24.9%
Sung by Song title % Correct
Sung by George Harrison Only A Northern Song
24.5%
Sung by George HarrisonIf I Needed Someone
24.2%
Sung by George HarrisonDon't Bother Me
23.9%
Sung by George Harrison Long, Long, Long
22.4%
Sung by George Harrison Old Brown Shoe
21.8%
Sung by George HarrisonI'm Happy Just To Dance With You
21.4%
Sung by Ringo StarrI Wanna Be Your Man
21.2%
Sung by Ringo StarrWhat Goes On
21.1%
Sung by George Harrison Roll Over Beethoven
20.9%
Sung by George Harrison Think For Yourself
19.9%
Sung by George HarrisonI Want To Tell You
19.7%
Sung by Ringo StarrHoney Don't
19.6%
Sung by George HarrisonChains
19.4%
Sung by George HarrisonIt's All Too Much
18.9%
Sung by George HarrisonEverybody's Trying To Be My Baby
17.3%
Sung by George Harrison The Inner Light
16.8%
Sung by George Harrison You Like Me Too Much
15.4%
Sung by Ringo StarrMatchbox
14%
Sung by George HarrisonDevil In Her Heart
12.1%

You're not logged in!

Compare scores with friends on all Sporcle quizzes.
OR
Log In

Sporcle TV

Today on Sporcle TV


Watch our educational content, quiz creation guides, and fun videos on Sporcle TV.

Show Comments

Extras

Top Quizzes Today


Score Distribution

Your Account Isn't Verified!

In order to create a playlist on Sporcle, you need to verify the email address you used during registration. Go to your Sporcle Settings to finish the process.

Report this User

Report this user for behavior that violates our Community Guidelines.

Details: